NBA Players I Know-Part 1 - Statistics

General Stats
  • This quiz has been taken 18 times
  • The average score is 46 of 500
Answer Stats
Team/Teams Years Played Major Accolades Player % Correct
Lakers 1996-2016 18x NBA AllStar,5x NBA Champion,2x NBA Finals MVP,NBA MVP Kobe Bryant
100%
Cavaliers,Heat,Cavaliers,Lakers 2003-Present 4x Champion,4x MVP,4x Finals MVP,21x AllStar LeBron James
100%
Hornets/Pelicans,Lakers,Mavericks 2012-Present NBA Champion,10x NBA AllStar,NBA Cup Champion Anthony Davis
87%
Mavericks,Lakers 2018-Present NBA Rookie of the Year,5x AllStar Luka Doncic
53%
SuperSonics,Thunder,Warriors,Nets,Suns, Rockets 2007-Present 2x NBA Champion,2x NBA Finals MVP,1x NBA MVP,15x NBA AllStar Kevin Durant
47%
Warriors 2009-Present 11x NBA AllStar,4x NBA Champion,1x NBA Finals MVP,2x NBA MVP Stephen Curry
47%
Pelicans 2019-Present NBA Rookie of the Year,2x NBA AllStar Zion Williamson
47%
Hornets,Clippers,Rockets,Thunder,Suns,Warriors,Spurs,Clippers 2005-Present 12x NBA AllStar Chris Paul
40%
Clippers,Thunder 2018-Present NBA Champion,3x NBA AllStar,1x NBA MVP,1x NBA Finals MVP Shai Gilgeous-Alexander
40%
Heat 2017-Present 3x NBA AllStar Bam Adebayo
33%
Trailblazers,Bucks,Trailblazers 2012-Present 9x NBA AllStar,NBA Rookie of the Year Damian Lillard
33%
Suns,Trailblazers,Lakers 2018-Present N/A Deandre Ayton
33%
Bulls,Knicks,Cavaliers,Timberwolves,Pistons,Knicks,Grizzlies 2008-2024 3x NBA AllStar,1x NBA MVP,NBA Rookie of the Year Derrick Rose
33%
Mavericks 1998-2019 14x NBA AllStar,NBA Champion,NBA Finals MVP,NBA MVP Dirk Nowitzki
33%
Warriors 2012-Present 4x NBA Champion,4x NBA AllStar Draymond Green
33%
Thunder,Rockets,Nets,76ers,Clippers 2009-Present 1x NBA MVP,11x NBA AllStar James Harden
33%
Bulls,Timberwolves,76ers,Heat,Warriors 2011-Present 6x NBA AllStar,NBA Most Improved Player Jimmy Butler
33%
Spurs,Raptors,Clippers 2011-Present 2x NBA Champion,2x NBA Finals MVP,6x NBA AllStar Kawhi Leonard
33%
Warriors,Mavericks 2011-Present 4x NBA Champion,5x NBA AllStar Klay Thompson
33%
Cavaliers,Celtics,Nets,Mavericks 2011-Present NBA Champion,9x NBA AllStar,NBA Rookie of the Year Kyrie Irving
33%
Hornet 2020-Present 1x NBA AllStar,NBA Rookie of the Year Lamelo Ball
33%
Nuggets 2015-Present 7x NBA AllStar,NBA Champion,NBA Finals MVP,3x NBA MVP Nikola Jokic
33%
Spurs 2023-Present NBA Rookie of the Year,1x NBA AllStar Victor Wembanyama
33%
76ers,Nuggets,Pistons,Grizzlies,76ers 1996-2010 11x NBA AllStar,NBA MVP Allen Iverson
27%
Timberwolves 2020-Present 3x NBA AllStar Anthony Edwards
27%
Pistons 2021-Present 1x NBA AllStar Cade Cunningham
27%
Nuggets,Knicks,Thunder,Rockets,Trailblazers,Lakers 2003-2022 10x NBA AllStar Carmelo Anthony
27%
Thunder 2022-Present NBA Champion Chet Holmgren
27%
Raptors,Heat 2003-2017 11x NBA AllStar,2x NBA Champion Chris Bosh
27%
Mavericks 2025-Present N/A Cooper Flagg
27%
Thunder,Pacers,Kings 2012-Present 3x NBA AllStar Domantas Sabonis
27%
Magic,Lakers,Rockets,Hawks,Hornets,Wizards,Lakers,76ers,Lakers 2004-2022 8x NBA AllStar,NBA Champion,3x NBA DPOY, Dwight Howard
27%
Rockets,Suns 2020-Present N/A Jalen Green
27%
Grizzlies 2019-Present 2x NBA AllStar,NBA Rookie of the Year,NBA Most Improved Player Ja Morant
27%
Mavericks,Suns,Nets,Mavericks,Knicks 1994-2013 10x NBA AllStar,NBA Champion,NBA Rookie of the Year Jason Kidd
27%
Wizards,Rockets,Clippers 2010-2023 5x NBA AllStar John Wall
27%
Thunder,Bulls 2021-Present N/A Josh Giddey
27%
Lakers,Pelicans,Trailblazers,Knicks 2017-Present N/A Josh Hart
27%
Timberwolves,Celtics,Nets,Timberwolves 1995-2016 15x NBA AllStar,NBA Champion,NBA MVP,NBA DPOY Kevin Garnett
27%
Lakers,Pelicans,Bulls,Cavaliers 2017-Present N/A Lonzo Ball
27%
Bulls,Wizards 1984-1993,1995-1998,2001-2003 14x NBA AllStar,6x NBA Champion,6x NBA Finals MVP,5x NBA MVP,NBA DPOY,NBA Rookie of the Year Michael Jordan
27%
Magic 2022-Present 1xNBA AllStar,NBA Rookie of the Year Paolo Banchero
27%
Celtics,Nets,Wizards,Clippers 1998-2017 10x NBA AllStar,NBA Champion Paul Pierce
27%
Bucks,SuperSonics,Celtics,Heat 1996-2014 10x NBA AllStar,2x NBA Champion Ray Allen
27%
Jazz,Timberwolves 2013-Present 3x NBA AllStar,4x DPOY Rudy Gobert
27%
Wizards,Lakers 2019-Present NBA Cup Champion Rui Hachimura
27%
Thunder,Rockets,Wizards,Lakers,Clippers,Nuggets 2008-Present 9x NBA AllStar,NBA MVP Russell Westbrook
27%
Raptors,Magic,Rockets,Knicks,Pistons,Hawks,Spurs 1997-2013 7x NBA AllStar,NBA Most Improved Player Tracy McGrady
27%
Jazz 2025-Present N/A Ace Bailey
20%
Lakers,Bulls,Thunder 2016-Present 2x NBA Champion Alex Caruso
20%
Hawks,Celtics,76ers,Thunder,Celtics 2007-Present 5x NBA AllStar,NBA Champion Al Horford
20%
Rockets 2021-Present NBA AllStar Alperen Sengun
20%
Rockets 2023-Present N/A Amen Thompson
20%
Lakers 2021-Present NBA Cup Champion Austin Reaves
20%
Wizards,Suns,Clippers 2012-Present 3x NBA AllStar Bradley Beal
20%
76ers,Suns,Rockets 1984-2000 11x NBA AllStar,NBA MVP, Charles Barkley
20%
Trailblazers,Pelicans,Wizards 2013-Present NBA Most Improved Player CJ McCollum
20%
Kings,Spurs 2017-Present 1x NBA AllStar De'aaron Fox
20%
Pistons,Spurs,Bulls,Lakers,Mavericks 1986-2000 2x NBA AllStar,5x NBA Champion,2x NBA DPOY Dennis Rodman
20%
Suns 2015-Present 4x NBA AllStar Devin Booker
20%
Spurs 2020-Present N/A Devin Vassell
20%
Grizzlies,Rockets,Suns 2017-Present N/A Dillon Brooks
20%
Jazz,Cavaliers 2017-Present 6x NBA AllStar Donovan Mitchell
20%
Heat,Bulls,Cavaliers,Heat 2003-2019 13x NBA AllStar,3x NBA Champion,NBA Finals MVP Dwyane Wade
20%
Spurs 2025-Present N/A Dylan Harper
20%
Bucks 2011-Present 9x NBA AllStar,NBA Champion,NBA Finals MVP,2x NBA MVP,NBA Most Improved Player,NBA Cup Champion,NBA Cup MVP Giannis Antetokounmpo
20%
Thunder 2022-Present NBA Champion,NBA AllStar Jalen Williams
20%
Nuggets 2016-Present NBA Champion Jamal Murray
20%
Celtics 2016-Present 4x NBA AllStar,NBA Champion,NBA Finals MVP Jaylen Brown
20%
Thunder 2022-Present NBA Champion Jaylin Williams
20%
Celtics 2017-Present 6x NBA AllStar,NBA Champion Jayson Tatum
20%
76ers 2014-Present 7x NBA AllStar,1x NBA MVP Joel Embiid
20%
Warriors,Wizards,Pelicans 2019-Present 1x NBA Champion Jordan Poole
20%
Lakers,Pelicans,Knicks,Timberwolves 2014-Present 3x NBA AllStar,NBA Most Improved Player Julius Randle
20%
Timberwolves,Knicks 2015-Present 5x NBA AllStar,NBA Rookie of the Year Karl Anthony-Towns
20%
Spurs 2019-Present N/A Keldon Johnson
20%
Timberwolves,Cavaliers,Heat,Jazz 2008-Present NBA Champion,5x NBA AllStar,NBA Most Improved Player Kevin Love
20%
Warriors,Pelicans 2015-Present 3x NBA Champion Kevon Looney
20%
Bulls,Cavaliers,Jazz 2017-Present 1x NBA AllStar,NBA Most Improved Player Lauri Markkanen
20%
Thunder 2019-Present NBA Champion Luguentz Dort
20%
Celtics,Grizzlies,Wizards,Lakers 2014-Present 1x NBA DPOY Marcus Smart
20%
Lakers,Mavericks 2022-Present NBA Cup Champion Max Christie
20%
Mavericks,Lakers 2017-Present N/A Maxi Kleber
20%
Thunder 2024-Present NBA Champion Nikola Topic
20%
Raptors,Pacers 2016-Present 3x NBA AllStar,NBA Champion,NBA Most Improved Player Pascal Siakam
20%
Grizzlies,Lakers,Bulls,Spurs,Bucks 2001-2019 6x NBA AllStar,2x NBA Champion,NBA Rookie of the Year Pau Gasol
20%
Magic,Lakers,Heat,Suns,Cavaliers,Celtics 1992-2011 15x NBA AllStar,4x NBA Champion,3x NBA Finals MVP,1x NBA MVP,NBA Rookie of the Year Shaquille O'Neal
20%
Spurs 2024-Present NBA Rookie of the Year Stephon Castle
20%
Spurs 1997-2016 15x NBA AllStar,5x NBA Champion,3x NBA Finals MVP,2x NBA MVP,NBA Rookie of the Year Tim Duncan
20%
Hawks 2018-Present 4x NBA AllStar Trae Young
20%
Kings,Pacers 2020-Present 2x NBA AllStar Tyrese Haliburton
20%
76ers 2025-Present N/A VJ Edgecombe
20%
Grizzlies 2024-Present N/A Zach Edey
20%
Timberwolves,Bulls,Kings 2014-Present 2x NBA AllStar Zach LaVine
20%
Magic,Nuggets 2014-Present NBA Champion Aaron Gordon
13%
Hornets,Heat,New Jersey Nets,Heat 1992-2008 7x NBA AllStar,2x NBA DPOY,NBA Champion Alonzo Mourning
13%
Wizards 2023-Present N/A Bilal Coulibaly
13%
Celtics 1956-1969 12 NBA AllStar,11x NBA Champion,5x NBA MVP Bill Russell
13%
Clippers,Pistons,Nets,Celtics 2009-2023 6x NBA AllStar,NBA Rookie of the Year Blake Griffin
13%
Celtics,Cincinnati Royals 1950-1970 13x NBA AllStar,6x NBA Champion,NBA MVP Bob Cousy
13%
Lakers,Pelicans,Raptors 2016-Present NBA Most Improved Player,1x NBA AllStar Brandon Ingram
13%
Lakers 2024-Present N/A Bronny James Jr
13%
Nets,Lakers,Bucks,Clippers 2008-Present 1x NBA AllStar,NBA Champion,NBA Cup Champion Brook Lopez
13%
Pistons,Nets,Nuggets,Pacers,Raptors,Pelicans,Nuggets 2018-Present NBA Champion Bruce Brown
13%
Suns,Nets,Nuggets 2019-Present N/A Cameron Johnson
13%
Trailblazers,Rockets 1983-1998 10x NBA AllStar,NBA Champion Clyde Drexler
13%
Cavaliers,Jazz,Hornets 2018-Present N/A Collin Sexton
13%
Lakers 2024-Present N/A Dalton Knecht
13%
Cavaliers 2019-Present 2x NBA AllStar Darius Garland
13%
Spurs 1989-2003 10x NBA AllStar,2x NBA Champion,NBA MVP,NBA DPOY,NBA Rookie of the Year David Robinson
13%
Spurs,Celtics 2017-Present NBA Champion Derrick White
13%
Grizzlies,Magic 2020-Present N/A Desmond Bane
13%
Denver,Hawks,76ers,New Jersey Nets,Knicks,Rockets 1991-2009 8x NBA AllStar,4x NBA DPOY Dikembe Mutombo
13%
Hawks,Clippers,Celtics,Spurs,Magic 1982-1999 9x NBA AllStar Dominique Wilkins
13%
Bucks,Kings,Warriors,Knicks,Timberwolves 2018-Present NBA Champion Donte DiVincenzo
13%
Cavaliers 2021-Present 1x NBA AllStar,1x NBA DPOY Evan Mobley
13%
Magic 2021-Present N/A Franz Wagner
13%
SuperSonics,Bucks,Lakers,Celtics,Heat 1990-2007 9x NBA AllStar,NBA Champion,1x NBA DPOY Gary Payton
13%
Rockets,Raptors 1984-2002 12x NBA AllStar,2x NBA Champion,2x NBA Finals MVP,2x NBA DPOY Hakeem Olajuwon
13%
Knicks,Raptors 2020-Present N/A Immanuel Quickley
13%
Kings,Suns,Celtics,Cavaliers,Lakers,Nuggets,Wizards,Pelicans,Lakers,Mavericks,Hornets,Suns 2011-Present 2x NBA AllStar Isaiah Thomas
13%
Pistons 1981-1994 12x NBA AllStar,2x NBA Champion,NBA Finals MVP Isiah Thomas
13%
Pistons 2022-Present N/A Jalen Duren
13%
New Jersey Nets,Warriors,Clippers,Trailblazers,76ers,Rockets,Bullets,Spurs,Magic 1989-2002 NBA Champion Jaren Jackson
13%
Grizzlies 2018-Present 2x NBA AllStar,NBA DPOY Jaren Jackson Jr
13%
Nets,Cavaliers 2017-Present 1x NBA AllStar Jarrett Allen
13%
Pelicans,Lakers 2019-Present NBA Cup Champion Jaxson Hayes
13%
Grizzlies 2024-Present N/A Jaylen Wells
13%
SuperSonics/Thunder,Celtics,Grizzlies,Clippers,Magic,Cavaliers,Wizards,Jazz,Rockets,Nets,Nuggets,Rockets 2007-Present NBA Champion Jeff Green
13%
Lakers 1960-1974 14x NBA AllStar,NBA Champion,NBA MVP,Basis for NBA Logo Jerry West
13%
Jazz 1984-2003 10x NBA AllStar John Stockton
13%
Lakers,Cavaliers,Jazz,Knicks 2014-2025 NBA Sixth Man of the Year Jordan Clarkson
13%
76ers,Pelicans,Bucks,Celtics,Trailblazers 2009-Present 2x NBA AllStar,2x NBA Champion Jrue Holiday
13%
New York Nets,76ers 1976-1987 11x NBA AllStar,NBA Champion,NBA MVP, Julius Erving
13%
Bucks,Lakers 1969-1989 19x NBA AllStar,6x NBA Champion,2x NBA Finals MVP,6x NBA MVP,NBA Rookie of the Year Kareem Abdul-Jabbar
13%
Bobcats/Hornets,Celtics,Knicks,Mavericks 2011-2023 4x NBA AllStar Kemba Walker
13%
Pelicans,Thunder 2018-Present NBA Champion Kenrich Williams
13%
Jazz 2023-Present N/A Keyonte George
13%
Pistons,Bucks,Wizards 2012-Present 3x NBA AllStar,NBA Champion,NBA Cup Champion Khris Middleton
13%
Knicks,Mavericks,Wizards,Celtics,Hawks 2015-Present 1x NBA AllStar,NBA Champion Kristaps Porzingis
13%
Knicks,Bulls,Celtics,Cavaliers,Bucks,Celtics,Spurs 2017-Present NBA Champion Luke Kornet
13%
Lakers 1979-1991,1996 12x NBA AllStar,5x NBA Champion,3x NBA Finals MVP,3x NBA MVP Magic Johnson
13%
Spurs 2002-2018 2x NBA AllStar,4x NBA Champion,NBA Sixth Man of the Year Manu Ginobili
13%
Bullets,Warriors,76ers,Heat,Bullets,76ers,Warriors 1985-1995 N/A Manute Bol
13%
Cavaliers,Bullets,Warriors,Magic 1986-1998 4x NBA AllStar Mark Price
13%
Lakers,Wizards,CelticsMagic 2018-Present N/A Moritz Wagner
13%
Timberwolves 2019-Present NBA Sixth Man of the Year Naz Reid
13%
Hornets,Suns 2020-Present N/A Nick Richards
13%
Heat 2022-Present N/A Nikola Jovic
13%
76ers,Magic,Bulls 2011-Present 2x NBA AllStar Nikola Vucevic
13%
Cincinnati Royals,Bucks 1960-1974 12x NBA AllStar,NBA Champion,NBA MVP,NBA Rookie of the Year Oscar Robertson
13%
Bulls 2020-Present N/A Patrick Williams
13%
Pacers,Thunder,Clippers,76ers 2010-Present 9x NBA AllStar,NBA Most Improved Player Paul George
13%
Celtics 2020-Present NBA Champion,NBA Sixth Man of the Year Payton Pritchard
13%
Magic,Suns,Knicks,Heat 1993-2007 4x NBA AllStar Penny Hardaway
13%
Celtics,Mavericks,Kings,Bulls,Pelicans,Lakers,Hawks,Clippers,Lakers,Cavaliers 2006-2022 4x NBA AllStar,2x NBA Champion Rajon Rondo
13%
Pacers 1987-2005 5x NBA AllStar Reggie Miller
13%
Knicks,Raptors 2019-Present N/A RJ Barrett
13%
Raptors 2021-Present NBA Rookie of the Year,1x NBA AllStar Scottie Barnes
13%
Bulls,Rockets,Trailblazers,Bulls 1987-2004 7x NBA AllStar,6x NBA Champion Scottie Pippen
13%
Suns,Mavericks,Suns,Lakers 1996-2015 8x NBA AllStar,2x NBA MVP Steve Nash
13%
Spurs,Hornets 2001-2019 6x NBA AllStar,4x NBA Champion,1x NBA Finals MVP Tony Parker
13%
76ers 2020-Present 1x NBA AllStar,NBA Most Improved Player Tyrese Maxey
13%
Heat 2003-2023 3x NBA Champion Udonis Haslem
13%
Raptors,New Jersey Nets,Magic,Suns,Mavericks,Grizzlies,Kings,Hawks 1998-2020 8x NBA AllStar,NBA Rookie of the Year Vince Carter
13%
Lakers,Suns,Mavericks,Lakers,Heat 1985-2001 1x NBA AllStar,3x NBA Champion AC Green
7%
Thunder,Spurs 2023-Present NBA Champion Adam Flagler
7%
Bobcats,Lakers 2006-2010 2x NBA Champion Adam Morrison
7%
New Jersey Nets,76ers,Spurs,Bullets 1981-1989,1991 N/A Albert King
7%
Thunder,Hornets 2020-2024 N/A Aleksej Pokusevski
7%
Bucks,Pacers,Nuggets,Mavericks 1976-1991 8x NBA AllStar Alex English
7%
Cavaliers,Warriors,Cavaliers 2004-2021 N/A Anderson Varejao
7%
Pacers 2022-Present N/A Andrew Nembhard
7%
Trailblazers,Agua Caliente Clippers,Celtics 2018-Present N/A Anfernee Simons
7%
Magic 2023-Present N/A Anthony Black
7%
Trailblazers 1995-2003 N/A Arvydas Sabonis
7%
Pacers 2022-Present N/A Bennedict Mathurin
7%
New Jersey Nets,Jazz,Warriors,Knicks,Bullets,New Jersey Nets 1977-1993 4x NBA AllStar,NBA Comeback Player of the Year Bernard King
7%
Cavaliers,Pistons 1980-1993 4x NBA AllStar,2x NBA Champion Bill Laimbeer
7%
Trailblazers,San Diego/Los Angeles Clippers,Celtics 1974-1988 2x NBA AllStar,2x NBA Champion,1x NBA Finals MVP,1x NBA MVP,NBA Sixth Man of the Year Bill Walton
7%
Cincinnati Royals,Bucks,Bulls,New York Nets,SuperSonics 1966-1977 3x NBA AllStar Bob Love
7%
Milwaukee/Saint Louis Hawks 1954-1965 11x NBA AllStar,NBA Champion,2x NBA MVP,NBA Rookie of the Year Bob Pettit
7%
Thunder 2024-Present NBA Champion Branden Carlson
7%
Trailblazers,Timberwolves 2006-2013 3x NBA AllStar,NBA Rookie of the Year Brandon Roy
7%
Clippers,Heat,Bulls,SuperSonics,Spurs,Rockets 1995-2009 2x NBA Champion Brent Barry
7%
Heat,Celtics,76ers,Heat,Spurs 1997-2009 3x NBA Champion Bruce Bowen
7%
Hawks,Celtics,Rockets,Hawks,Raptors 2019-2025 N/A Bruno Fernando
7%
Nuggets 1967-1977 N/A Byron Beck
7%
Lakers,Pacers,Vancouver Grizzlies,Lakers 1983-1997 3x NBA Champion Byron Scott
7%
Hornets,Heat,76ers,Mavericks 2019-Present N/A Caleb Martin
7%
San Diego/Houston Rockets 1970-1983 1x NBA AllStar Calvin Murphy
7%
Clippers 2024-Present N/A Cam Christie
7%
Hawks,Knicks,Trailblazers,Lakers 2019-Present NBA Cup Champion Cameron Reddish
7%
Nets 2021-Present N/A Cameron Thomas
7%
Thunder 2023-Present NBA Champion Cason Wallace
7%
Nuggets,New Orleans Hornets,Nuggets,Heat,Grizzlies,Cavaliers 2001-2017 NBA Champion Chris Andersen
7%
Bulls 2019-Present N/A Coby White
7%
Hornets,Suns 2019-Present N/A Cody Martin
7%
Jazz 2024-Present N/A Cody Williams
7%
Bobcats/Hornets,Trailblazers,Heat,Pelicans 2013-2024 N/A Cody Zeller
7%
Magic,Bucks 2020-Present N/A Cole Anthony
7%
Kings,Raptors,Pistons,76ers,Kings 1995-2007 NBA Champion,NBA Sixth Man of the Year Corliss Williamson
7%
Jazz 2003-2005 N/A Curtis Borchardt
7%
Cavaliers,Spurs 1990-2003 NBA Champion Danny Ferry
7%
Clippers,Hawks,Suns,Bucks,Jazz,Mavericks,Pistons 1988-2003 2x NBA AllStar,NBA Sixth Man of the Year Danny Manning
7%
Nets 2023-Present N/A Dariq Whitehead
7%
Pistons,Magic,Grizzlies,Knicks,Timberwolves,Celtics 2003-2012 NBA Champion Darko Milicic
7%
Spurs,Wizards,Mavericks,Thunder,Hornets 2019-2024 N/A Davis Bertans
7%
Spurs,Hawks,Pelicans 2016-Present 1x NBA AllStar Dejounte Murray
7%
Hawks,Thunder,Lakers,Celtics,Rockets,Lakers,Raptors,Nets,Warriors,Pistons,Kings 2013-Present N/A Dennis Schroder
7%
Mavericks 2023-Present N/A Dereck Lively II
7%
Lakers,Warriors,Jazz,Lakers,Thunder,Mavericks,Thunder 1996-2014 5x NBA Champion Derek Fisher
7%
Mavericks,Pacers,SuperSonics,Trailblazers 1985-2001 3x NBA AllStar,2x NBA Sixth Man of the Year Detlef Schrempf
7%
Thunder,Wizards 2024-Present NBA Champion Dillon Jones
7%
Trailblazers 2024-Present N/A Donovan Clingan
7%
Pelicans,Hawks 2021-Present NBA Most Improved Player Dyson Daniels
7%
Minneapolis/Los Angeles Lakers 1958-1971 11x NBA AllStar,NBA Rookie of the Year Elgin Baylor
7%
San Diego/Houston Rockets,Baltimore/Capital/Washington Bullets,Rockets 1968-1984 12x NBA AllStar,NBA Champion Elvin Hayes
7%
Bobcats,New Orleans Hornets,Wizards,Pelicans 2004-2018 NBA Rookie of the Year Emeka Okafor
7%
SuperSonics 1971-1984 1x NBA AllStar,NBA Champion Fred Brown
7%
Lakers,Suns,Lakers,New Orleans Jazz 1965-1979 5x NBA AllStar,NBA Champion Gail Goodrich
7%
Bucks,Lakers,Wizards,Warriors,Trailblazers,Warriors 2017-Present NBA Champion Gary Payton II
7%
Knicks,Cavaliers,Grizzlies,Magic 1985-1999 N/A Gerald Wilkins
7%
Washington Bullets/Wizards,New Jersey Nets 1993-2000 NBA Most Improved Player Gheorge Muresan
7%
Jazz,Celtics,Hornets,Thunder 2010-2024 1x NBA AllStar Gordon Hayward
7%
Trailblazers,Heat 2007-2014 N/A Greg Oden
7%
Jazz,Kings,Jazz 1995-2006 N/A Greg Ostertag
7%
Warriors,SuperSonics,Bullets,Hawks 1975,1987 2x NBA AllStar,NBA Champion,NBA Comeback Player of the Year Gus Williams
7%
Lakers,Clippers 2016-Present N/A Ivica Zubac
7%
Rockets 2022-Present N/A Jabari Smith Jr
7%
SuperSonics,Bucks 1977-1991 7x NBA AllStar,NBA Champion Jack Sikma
7%
Pistons 2022-Present N/A Jaden Ivey
7%
Rockets 2020-Present N/A Jae'Sean Tate
7%
Raptors 2024-Present N/A Ja'Kobe Walker
7%
Mavericks,Knicks 2018-Present 2x NBA AllStar Jalen Brunson
7%
Lakers,76ers 2023-Present NBA Cup Champion Jalen Hood-Schifino
7%
Hawks 2021-Present N/A Jalen Johnson
7%
Charlotte/New Orleans Hornets,Bucks,Trailblazers,Nets,Mavericks,Heat,Raptors 2000-2012 1x NBA AllStar Jamaal Magloire
7%
Mavericks,Heat,Charlotte/New Orleans Hornets 1993-2005 1x NBA AllStar Jamal Mashburn
7%
Pacers 2023-Present N/A Jarace Walker
7%
Hawks,Pacers,Timberwolves,Hawks,Celtics,Bucks 2009-2021 1x NBA AllStar,NBA Champion Jeff Teague
7%
Pistons,Saint Louis/Atlanta Hawks 1964-1970 2x NBA AllStar Joe Caldwell
7%
Pistons 1985-1999 6x NBA AllStar,2x NBA Champion,NBA Finals MVP Joe Dumars
7%
Philadelphia Warriors 1946-1954 2x NBA AllStar Joe Fulks
7%
Celtics 1962-1978 13x NBA AllStar,8x NBA Champion,NBA Finals MVP John Havlicek
7%
Raptors,Grizzlies,Pelicans,Wizards,Kings,Nuggets 2012-Present N/A Jonas Valanciunas
7%
Warriors 2020-Present 1x NBA Champion Jonathan Kuminga
7%
Bucks,Warriors,Hawks,Lakers,Kings,Pistons,Nuggets,Hawks,Rockets 1992-2006 N/A Jon Barry
7%
Celtics 2023-Present NBA Champion Jordan Walsh
7%
New Orleans Hornets,Nuggets,Knicks,Cavaliers,Lakers 2004-2020 2x NBA Champion,NBA Sixth Man of the Year JR Smith
7%
Washington Bullets/Wizards,Mavericks,Nuggets,Magic,Rockets,Mavericks,Nuggets,Bobcats,Trailblazers,Heat 1994-2013 1x NBA AllStar,2x NBA Champion Juwan Howard
7%
Jazz,Lakers 1985-2004 14x NBA AllStar,2x NBA MVP, Karl Malone
7%
Nuggets,Nets,Rockets 2011-2019 N/A Kenneth Faried
7%
Kings,Hawks,Rockets,Pistons,Magic,Nuggets 1987-1997 2x NBA Champion Kenny Smith
7%
Celtics 1980-1993 7x NBA AllStar,3x NBA Champion,2x NBA Sixth Man of the Year Kevin McHale
7%
Suns 2025-Present N/A Khaman Malauch
7%
Hornets 2025-Present N/A Kon Kneuppel
7%
Jazz 2024-Present N/A Kyle Filipowski
7%
Trailblazers,Spurs,Nets 2006-2022 7x NBA AllStar Lamarcus Aldridge
7%
Celtics 1979-1992 12x NBA AllStar,3x NBA Champion,2x Finals MVP,3x NBA MVP,NBA Rookie of the Year Larry Bird
7%
Hornets,Knicks 1991-2001 2x NBA AllStar,NBA Rookie of the Year Larry Johnson
7%
Swarm 2021-2023 N/A Li'Angelo Ball
7%
76ers,Hawks,Raptors,Lakers,Rockets,Clippers,Hawks 2005-2022 3x NBA Sixth Man of the Year Louis Williams
7%
Pistons,Clippers,Grizzlies,Hawks 2017-Present N/A Luke Kennard
7%
Lakers,Cavaliers 2003-2013 2x NBA Champion Luke Walton
7%
Nuggets,Timberwolves,Jazz,Lakers,Bucks,Pistons 2016-Present N/A Malik Beasley
7%
Pacers,Clippers,Pistons,Timberwolves 1992-2000 N/A Malik Sealy
7%
Grizzlies,Raptors,Lakers 2008-2021 3x NBA AllStar,NBA Champion,NBA DPOY Marc Gasol
7%
Jazz 1982-1994 1x NBA AllStar,2x NBA DPOY Mark Eaton
7%
Nets,Trailblazers,Nuggets,Pistons,Hornets,Clippers,Suns,Hornets 2013-Present N/A Mason Plumlee
7%
Pacers,Suns,Bucks,Hornets,Hawks 2012-2019 N/A Miles Plumlee
7%
Warriors,Kings,Wizards,Lakers 1988-2002 6x NBA AllStar,NBA Champion,NBA Rookie of the Year Mitch Richmond
7%
Pistons,Celtics 1976-1985 2x NBA Champion ML Carr
7%
Nets,Hawks,Warriors 1989-2002 1x NBA AllStar Mookie Blaylock
7%
Braves,Rockets,76ers,Bullets,Hawks,Bucks,76ers,Spurs 1976-1995 12x NBA AllStar,NBA Champion,NBA Finals MVP,3x NBA MVP Moses Malone
7%
Pacers,Bucks 2015-Present N/A Myles Turner
7%
Nuggets,Clippers,Timberwolves 2021-Present N/A Nah'Shon Hyland
7%
Kings,Celtics 2021-Present NBA Champion Neemias Queta
7%
Nets 2019-Present N/A Nicolas Claxton
7%
Bulls,Pelicans,Bucks 2014-2019 N/A Nikola Mirotic
7%
Raptors,Trailblazers,Clippers,Heat 2015-Present NBA Champion Norman Powell
7%
Knicks,Pacers 2020-Present N/A Obi Toppin
7%
SuperSonics,Clippers,Pistons,Kings,SuperSonics,Jazz. 1986-2001 N/A Olden Polynice
7%
Thunder 2022-Present NBA Champion Ousmane Dieng
7%
Knicks,SuperSonics,Magic 1985-2002 11x NBA AllStar,NBA Rookie of the Year Patrick Ewing
7%
New Orleans Hornets 2011 N/A Patrick Ewing Jr
7%
Mavericks 2004-2006 N/A Pavel Podzolkin
7%
Mavericks,Raptors,Celtics,Nuggets,Wizards,Mavericks,Warriors 1993-2004 N/A Popeye Jones
7%
Knicks,Pistons,Mavericks,76ers 2021-Present N/A Quentin Grimes
7%
Knicks,Saint Louis/Atlanta Hawks 1956-1970 6x NBA AllStar Richie Guerin
7%
Warriors,Rockets 1976-1980 8x NBA AllStar,NBA Champion,NBA Finals MVP,NBA Rookie of the Year Rick Barry
7%
Pacers 1988-2000 1x NBA AllStar Rik Smits
7%
Timberwolves 2024-Present N/A Rob Dillingham
7%
Pistons 2023-Present N/A Ron Holland
7%
Pacers,Lakers,Hornets,Nuggets 2008-2017 2x NBA AllStar Roy Hibbert
7%
Trailblazers,Nuggets 2008-2012 N/A Rudy Fernandez
7%
Pistons,Hawks,Pelicans 2020-Present N/A Saddiq Bey
7%
Celtics 2021-Present NBA Champion Sam Hauser
7%
Celtics 1957-1969 5x NBA AllStar,10 NBA Champion Sam Jones
7%
Bucks,Grizzlies,Cavaliers 2020-Present NBA Champion Sam Merrill
7%
Trailblazers 2023-Present N/A Scoot Henderson
7%
Lakers,Grizzlies 2022-Present N/A Scotty Pippen Jr
7%
Trailblazers 2022-Present N/A Shaedon Sharpe
7%
SuperSonics,Cavaliers,Trailblazers,Magic 1989-2003 6x NBA AllStar Shawn Kemp
7%
Suns,Heat,Raptors,Mavericks,Cavaliers 1999-2015 4x NBA AllStar,NBA Champion Shawn Marion
7%
Chicago Zephyrs/Baltimore Bullets,Pistons,Trailblazers 1962-1973 3x NBA AllStar,NBA Rookie of the Year Terry Dischinger
7%
Knicks,Bucks 2013-Present NBA Champion Thanasis Antetokounmpo
7%
Warriors,Heat,Mavericks,Nuggets,Pacers 1989-2003 5x NBA AllStar Tim Hardaway
7%
Knicks,Hawks,Knicks,Mavericks,Pistons,Nuggets 2013-Present N/A Tim Hardaway Jr
7%
76ers,Pacers 2015-Present N/A TJ McConnell
7%
Clippers,SuperSonics,Suns,Jazz,Hornets,76ers 1981-1997 4x NBA AllStar Tom Chambers
7%
Cavaliers,Celtics,Nets,Bucks,Hawks,Grizzlies,Spurs 2012-2020 N/A Tyler Zeller
7%
Grizzlies,Celtics 2020-Present NBA Champion Xavier Tillman Sr
7%
Trailblazers 2025-Present N/A Yang Hansen
7%
Rockets 2002-2011 8x NBA AllStar Yao Ming
7%
Trailblazers,Knicks,Clippers,Grizzlies,Kings 2001-2019 2x NBA AllStar,NBA Most Improved Player Zach Randolph
7%
Pacers,Wizards,Suns,Hawks,Rockets 2018-Present N/A Aaron Holiday
0%
Raptors,Knicks,Nets 2006-2016 N/A Andrea Bargnani
0%
76ers,Nuggets,Warriors,Heat,Warriors 2004-2023 1x NBA AllStar,4x NBA Champion,NBA Finals MVP Andre Igoudala
0%
Jazz,Timberwolves,Nets 2001-2014 1x NBA AllStar Andrei Kirilenko
0%
Bucks,Warriors,Mavericks,Cavaliers,Lakers 2005-2018 NBA Champion Andrew Bogut
0%
Warriors,Mavericks,Wizards,Cavaliers,Lakers,Clippers 1998-2014 2x NBA AllStar,NBA Sixth Man of the Year Antawn Jamison
0%
Cavaliers,Timberwolves,Raptors,Nets 2013-2017 N/A Anthony Bennett
0%
Celtics,Mavericks,Hawks,Celtics,Heat,Timberwolves 1996-2008 3x NBA AllStar,NBA Champion Antoine Walker
0%
Charlotte Hornets,New Orleans Hornets,Warriors,Clippers,Cavaliers,Knicks 1999-2012 2x NBA AllStar Baron Davis
0%
Bulls,Pistons,Bobcats,Magic 2004-2015 NBA Sixth Man of the Year Ben Gordon
0%
Clippers,SuperSonics,Lakers,New Jersey Nets,Vancouver Grizzlies,Bucks,Raptors,76ers,Cavaliers 1985-1999 N/A Benoit Benjamin
0%
Washington Bullets/Wizards,Magic,Pistons,Bulls,Cavaliers,Pistons 1996-2012 4x NBA AllStar,NBA Champion,4x NBA DPOY Ben Wallace
0%
76ers 1965-1972,1974-1976 4x NBA AllStar,NBA Champion Billy Cunningham
0%
Heat,Warriors,Hawks,Cavaliers,Celtics,Heat 1990-2004 N/A Bimbo Coles
0%
Bulls,Warriors,Hornets,Magic,Bulls 1989-2000 1x NBA AllStar,3x NBA Champion BJ Armstrong
0%
Jazz,Bucks,Celtics,Jazz,Vancouver Grizzlies,Heat 1989-1999 N/A Blue Edwards
0%
Spurs,Pistons,Clippers,76ers,Mavericks,Rockets 2015-2024 N/A Boban Marjanovic
0%
Buffalo Braves,Knicks,Celtics,Pistons,New Jersey Nets,Lakers,76ers 1972-1986 5x NBA AllStar,NBA MVP,NBA Rookie of the Year,2x NBA Champion Bob McAdoo
0%
Clipper,Pelicans 2021-2025 N/A Brandon Boston Jr
0%
Grizzlies 2019-Present N/A Brandon Clarke
0%
Hornets 2023-Present N/A Brandon Miller
0%
Cavaliers,Spurs 2017-2024 N/A Cedi Osman
0%
Celtics,Clippers,Rockets 1977-1988 2x NBA Champion,NBA Finals MVP Cedric Maxwell
0%
Bulls,Knicks,Raptors,Bulls,Wizards,Rockets 1985-2004 1x NBA AllStar Charles Oakley
0%
Celtics,Raptors,Nuggets,Timberwolves,Pistons,Nuggets,Knicks,Clippers,Pistons 1997-2014 5x NBA AllStar,NBA Champion,NBA Finals MVP Chauncey Billups
0%
Pacers 1982-1987 N/A Clark Kellogg
0%
Saint Louis Hawks 1956-1966 5x NBA AllStar,NBA Champion Cliff Hagan
0%
Rockets,Magic,Kings,Clippers 1998-2008 N/A Cuttino Mobley
0%
Bulls,Wizards,Mavericks 2019-Present N/A Daniel Gafford
0%
Knicks,Nuggets,Clippers,Thunder,Hawks,Wizards,Pistons,Bucks 2008-2024 N/A Danilo Gallinari
0%
Suns,Cavaliers,Heat,Suns 1988-2002 3x NBA AllStar Dan Majerle
0%
Cavaliers,Spurs,Raptors,Lakers,76ers,Grizzlies,Cavaliers,76ers 2009-2023 3x NBA Champion Danny Green
0%
Jazz,Cavaliers,Mavericks 2014-2021,2023-Present N/A Dante Exum
0%
76ers,New Jersey Nets,Jazz,Pistons 1975-1989 NBA Champion Darryl Dawkins
0%
Pistons,Knicks 1962-1974 8x NBA AllStar,2x NBA Champion Dave Debusschere
0%
Nuggets,SuperSonics 1975-1984 4x NBA AllStar David Thompson
0%
Jazz,Cavaliers,Hornets,Bucks,Raptors 1986-2002 NBA Sixth Man of the Year Dell Curry
0%
SuperSonics,Suns,Celtics, 1976-1990 5x NBA AllStar,3x NBA Champion,NBA Finals MVP Dennis Johnson
0%
Mavericks,Knicks,Mavericks,Magic,Lakers 1983-1999 N/A Derek Harper
0%
KJazz,Nets,Mavericks,Cavaliers 2005-2017 3x NBA AllStar Deron Williams
0%
Bobcats,Pacers,Raptors,Buls,Pistons,Thunder,Nuggets,Magic,Bucks,Rockets,Lakers 2008-2022 N/A DJ Augustin
0%
Mavericks,Warriors,Lakers,New Orleans Hornets 2004-2011 2x NBA Champion DJ Mbenga
0%
Hawks,Clippers,Knicks,Spurs 1983-1996 1x NBA AllStar Doc Rivers
0%
Mavericks,Nets,Lakers,Rockets 2016-Present N/A Dorian Finney-Smith
0%
Lakers,Knicks,Raptors,Kings,Magic,Mavericks,Clippers 1993-2007 N/A Doug Christie
0%
76ers 1973-1981 4x NBA AllStar Doug Collins
0%
Trailblazers,New Jersey Nets 1989-1993 N/A Drazen Petrovic
0%
New Jersey Nets,Cavaliers,Magic,Cavaliers,Clippers,Warriors,Nuggets,Bucks,Bobcats,Wizards,Bucks,Rockets 1999-2012 N/A Earl Boykins
0%
Lakers,Hornets,Heat,Grizzlies,Heat,Mavericks 1994-2008 3x NBA AllStar Eddie Jones
0%
Bulls,Clippers,76ers,Mavericks,Hawks,76ers 1991-2016 2x NBA AllStar,NBA Rookie of the Year Elton Brand
0%
Celtics,Mavericks,New Jersey Nets,76ers,Pistons,Raptors 1994-2002 N/A Eric Montross
0%
76ers,Pacers,Celtics,Trailblazers,Hawks 2010-2020 N/A Evan Turner
0%
Hornets,Suns,Hawks,Rockets,Raptors 905 2015-Present N/A Frank Kaminsky
0%
Rockets,Kings,Spurs,Bucks,Bobcats,Wizards,Kings,Grizzlies,Clippers,Nets,Bulls,Pelicans,Raptors 2010-Present N/A Garrett Temple
0%
Spurs,Bulls 1974-1986 9x NBA AllStar George Gervin
0%
Pacers,Mavericks,Lakers,Suns,Nuggets 1989-1993,1995-2002 N/A George McCloud
0%
Celtics,Timberwolves,Rockets,Mavericks,New Jersey Nets,Pacers,Suns,Heat,Celtics,Rockets 2007-2020 N/A Gerald Green
0%
Kings,Bobcats,Trailblazers,New Jersey/Brooklyn Nets,Celtics 2001-2015 1x NBA AllStar Gerald Wallace
0%
Celtics,Magic,Clippers 2007-2015 NBA Champion Glen Davis
0%
Heat,Hornets,Lakers,Knicks,Rockets,Clippers 1989-2004 3x NBA AllStar,NBA Champion Glen Rice
0%
Wizards 1997-1999 N/A God Shammgod
0%
Thunder,Pistons,Wizards 2018-2024 N/A Hamidou Diallo
0%
Bullets,Trailblazers,Washington Bullets/Wizards,76ers 1988-1999 N/A Harvey Grant
0%
Trailblazers 2004-2006 N/A Ha Seung-Jin
0%
Grizzlies,Rockets,Trailblazers,Thunder 2009-2014 N/A Hasheem Thabeet
0%
Kings,Spurs,Magic,Raptors,Suns,Magic,Clippers 2000-2015 NBA Most Improved Player Hedo Turkoglu
0%
Bulls,Magic,SuperSonics,Lakers,Magic,Lakers 1987-2004 NBA AllStar,4x NBA Champion Horace Grant
0%
Cavaliers,Suns,Mavericks 1986-1999 N/A Hot Rod Williams
0%
Knicks,Hawks 2023-Present N/A Jacob Toppin
0%
Bulls,Knicks,Warriors,Hawks,Trailblazers,Clippers,Timberwolves,Suns,Nets 2000-2020 3x NBA Sixth Man of the Year Jamal Crawford
0%
Timberwolves,Grizzlies,Hawks 2019-2025 N/A Jarrett Culver
0%
Warriors,Bobcats,Suns,Magic,76ers 2001-2015 N/A Jason Richardson
0%
Hawks,Mavericks,Celtics,Nets,Rockets,Bucks 1999-2018 NBA Champion,NBA Sixth Man of the Year Jason Terry
0%
Kings,Grizzlies,Heat,Magic,Grizzlies 1998-2011 NBA Champion Jason Williams
0%
Cavaliers 2024-Present N/A Jaylon Tyson
0%
Warriors,Knicks,Rockets,Lakers,Hornets,Nets,Hawks,Raptors 2010-2019 NBA Champion Jeremy Lin
0%
Cincinnati Royals,San Francisco Warriors,Knicks 1963-1974 7x NBA AllStar,NBA Champion,NBA Rookie of the Year Jerry Lucas
0%
Kings,Bulls,Pelicans,Knicks,Suns 2011-2019 N/A Jimmer Fredette
0%
Magic,Bucks,Clippers,76ers,Pelicans,Mavericks 2006-2021 N/A JJ Redick
0%
76ers,Clippers,Rockets 1975-1983 N/A Joe Bryant
0%
Wizards,Westchester Knicks 2022-Present N/A Johnny Davis
0%
Pistons,Heat,Raptors,Bulls,Lakers 1986-2000 4x NBA Champion John Salley
0%
Hawks,Wizards,Celtics,Warriors,Pelicans 2010-2018 N/A Jordan Crawford
0%
Lakers,New Jersey Nets,Lakers,Clippers,Grizzlies,Kings 2006-2012,2013-2015,2016 2x NBA Champion Jordan Farmar
0%
Raptors,Pistons,Mavericks,Knicks,Lakers,Hawks,Cavaliers,Pistons 2005-2019 N/A Jose Calderon
0%
Hawks,Pistons,Rockets,Clippers,Rockets,Pelicans 2004-2017 N/A Josh Smith
0%
Bucks,Clippers,Bucks 1975-1987 N/A Junior Bridgeman
0%
76ers,Warriors,Hawks,Bulls,Knicks,Bulls,Grizzlies,Pacers,Kings,Hawks,Mavericks,Nuggets 2013-2024 NBA Champion Justin Holiday
0%
Celtics,Heat,Rockets,Pistons,Jazz,Raptors,Pelicans,Spurs 2013-Present N/A Kelly Olynyk
0%
Celtics,Thunder,Cavaliers,Pelicans,Cavaliers 2003-2018 NBA Champion Kendrick Perkins
0%
Cavaliers,Suns 1978-1998,2000 3x NBA AllStar,NBA Most Improved Player Kevin Johnson
0%
Hawks,Heat,Warriors,Rockets,Raptors,Nuggets,Rockets,Spurs,Hawks,Mavericks 1984-2007 1x NBA AllStar,NBA Champion Kevin Willis
0%
2020-2025 Pistons,Nets N/A Killian Hayes
0%
Bulls,Wizards,Hawks,Bulls,Hawks 2003-2016 N/A Kirk Hinrich
0%
Hawks 2023-Present N/A Kobe Bufkin
0%
Clippers,Heat,Lakers,Mavericks,Clippers 1999-2013 2x NBA Champion,NBA Sixth Man of the Year Lamar Odom
0%
Suns,Cavaliers 1981-1994 3x NBA AllStar Larry Nance
0%
Lakers,Cavaliers,Trailblazers,Pelicans,Hawks,Cavaliers 2015-Present N/A Larry Nance Jr
0%
Spurs 1976-1979 N/A Louie Dampier
0%
Timberwolves,Bulls,Suns,Knicks 1991-2001 3x NBA Champion Luc Longley
0%
Nuggets,Kings,Vancouver Grizzlies 1990-1998,2000-2001 NBA Most Improved Player Mahmoud Abdul-Rauf
0%
Spurs,Wizards 2022-Present N/A Malachi Branham
0%
Raptors,Knicks,Pistons,Spurs,Hornets 2020-2025 N/A Malachi Flynn
0%
Magic,Suns,Wizards,Clippers 2007-2019 N/A Marcin Gortat
0%
Warriors,Raptors,New Orleans Hornets,Bulls,Spurs,Kings,Hornets,Hawks,76ers,Spurs 2007-2020 NBA Champion Marco Belinelli
0%
Raptors,Knicks,Nuggets,Clippers,Trailblazers,Rockets,Knicks 1996-2013 NBA DPOY Marcus Camby
0%
Mavericks,Pistons,Clippers 1981-1994 3x NBA AllStar,2x NBA Champion Mark Aguirre
0%
Knicks,Clippers,Pacers,Nuggets,Pacers,Raptors,Knicks,Jazz,Rockets 1987-2004 1x NBA AllStar,NBA Rookie of the Year Mark Jackson
0%
Kings,Pistons,Wizards,Grizzlies,Wizards 2018-Present N/A Marvin Bagley III
0%
Magic,Cavaliers,76ers,Jazz 1998-2009 N/A Matt Harpring
0%
Cavaliers,Bucks,Cavaliers,Kings 2013-2021,2022-2023 NBA Champion Matthew Dellevedova
0%
76ers,Spurs,Knicks,Hawks,New Jersey Nets 1978-1993 4x NBA AllStar,NBA Champion Maurice Cheeks
0%
Bulls,Heat,Cavaliers 2019-Present N/A Max Strus
0%
76ers,Bucks,Bulls,Hornets,Rockets,Magic 2013-2024 NBA Rookie of the Year Michael Carter-Williams
0%
Knicks 2021-Present N/A Miles McBride
0%
Magic,Lakers,76ers,Clippers,Pelicans 2018-Present N/A Mohamed Bamba
0%
Raptors,New Orleans Hornets,Thunder 2000-2011 N/A Morris Peterson
0%
Bullets,Hornets,Warriors,Raptors 1987-2001 N/A Muggsy Bogues
0%
Cincinnati Royals/Kansas City-Omaha/Kansas City Kings,New York Nets,Celtics,Bucks 1970-1984 6x NBA AllStar,NBA Champion Nate Archibald
0%
SuperSonics 1986-1998 N/A Nate McMillan
0%
Knicks,Celtics,Thunder,Warriors,Bull,Nuggets,Clippers,Pelicans 2005-2015 N/A Nate Robinson
0%
Nuggets,Wizards,Rockets 2002-2020 N/A Nene
0%
76ers,Mavericks,Thunder,Knicks,Pistons,Nets 2013-Present N/A Nerlens Noel
0%
SuperSonics/Thunder 2003-2018 N/A Nick Collison
0%
Bulls,New Jersey Nets,Lakers,Nuggets,Pistons,Bucks,76ers 1981-1994 N/A Orlando Woolridge
0%
Kansas City Kings,New Jersey Nets,Celtics 1977-1989 4x NBA AllStar Otis Birdsong
0%
Kansas City/Sacramento Kings,Rockets,Trailblazers,Pistons,Vancouver Grizzlies,Kings,Wizards,Heat,Hornets 1984-2001 1x NBA AllStar,NBA Champion Otis Thorpe
0%
Wizards,Bulls,Magic,Warriors,Raptors 2013-2024 NBA Champion Otto Porter Jr
0%
Jazz,Hawks,Nuggets,Nets,76ers 2006-2022 4x NBA AllStar Paul Millsap
0%
Kings,Pacers,New Orleans Hornets,Raptors,Mavericks 1998-2011 3x NBA AllStar,NBA Champion Peja Stojakovic
0%
Nuggets 2022-Present NBA Champion Peyton Watson
0%
Hornets,Mavericks 2019-Present N/A PJ Washington
0%
Raptors,Kings,Knicks,Kings,Mavericks,Nets,Suns 2012-2019 N/A Quincy Acy
0%
76ers,Mavericks,Jazz,Suns,Bobcats,Warriors,Jazz 2001-2013 N/A Raja Bell
0%
Rockets,Warriors,Kings,Bullets 1983-1992 4x NBA AllStar,NBA Rookie of the Year Ralph Sampson
0%
SuperSonics,Magic,Wizards,Heat 1998-2014 2x NBA AllStar,NBA Champion Rashard Lewis
0%
Bullets,Trailblazers,Hawks,Pistons,Celtics,Knicks 1995-2010,2012-2013 4x NBA AllStar,NBA Champion Rasheed Wallace
0%
Bulls,Kansas City/Sacramento Kings,Hawks,Magic,New Jersey Nets 1978-1991 2x NBA AllStar Reggie Theus
0%
Wizards,Pistons,Bulls 1999-2013 3x NBA AllStar,NBA Champion Richard Hamilton
0%
New Jersey Nets,Bucks,Spurs,Warriors,Jazz,Mavericks,Cavaliers,Nuggets 2001-2018 NBA Champion Richard Jefferson
0%
Timberwolves,Jazz,Suns,Timberwolves,Cavaliers 2011-2024 N/A Ricky Rubio
0%
Warriors,Celtics,Hornets,Bulls 1976-1997 9x NBA AllStar,4x NBA Champion Robert Parish
0%
Baltimore Bullets,Pistons,Saint Louis Hawks,SuperSonics 1963-1971 N/A Rod Thorn
0%
Mavericks,Knicks 1981-1994 4x NBA AllStar Rolando Blackman
0%
San Diego/Houston Rockets 1970-1981 5x NBA AllStar Rudy Tomjanovich
0%
Rockets,Suns,Mavericks,New Jersey Nets,Bucks,Timberwolves,Clippers,Celtics 1993-2009 1x NBA AllStar,3x NBA Champion Sam Cassell
0%
Bucks,Spurs,Raptors 2021-Present N/A Sandro Mamukelashvili
0%
Lakers,New Jersey Nets,Clippers,Knicks 2004-2014,2015-2017 2x NBA Champion Sasha Vujacic
0%
76ers,Timberwolves,Rockets,Mavericks,Knicks,Cavaliers 1988-1998 NBA Champion Scott Brooks
0%
Bucks,Pacers,Magic,Bullets,76ers 1986-1996 NBA Most Improved Player Scott Skiles
0%
purs,Pistons,Spurs 1989-2001 2x NBA AllStar,NBA Champion Sean Elliot
0%
Thunder,Magic,Raptors,Clippers,Bucks 2009-2023 NBA Champion Serge Ibaka
0%
Vancouver Grizzlies,Hawks,Trailblazers,Kings 1996-2008 1x NBA AllStar Shareef Abdur-Rahim
0%
76ers,Nets,Maverick 1993-2005 N/A Shawn Bradley
0%
Kings 2015 N/A Sim Bhullar
0%
Jazz,Pistons,Heat 2022-Present N/A Simone Fontecchio
0%
Lakers,Hawks 2000-2007 2x NBA Champion Slava Medvedenko
0%
Rockets,Magic,Knicks,Rockets 1999-2008 3x NBa AllStar,NBA Rookie of the Year Steve Francis
0%
Suns,Cavaliers,Magic,Bulls,Spurs,Trailblazers,Spurs 1988-2003 5x NBA Champion Steve Kerr
0%
Heat,Hawks,Trailblazers,Spurs,New Orleans Hornets,Charlotte Bobcats,Heat 1991-2005 1x NBA AllStar,NBA Champion Steve Smith
0%
Vancouver/Memphis Grizzlies,Rocket,Grizzlies,New Jersey Nets,Suns 2000-2009 N/A Stromile Swift
0%
Spurs,New York Nets,Bucks,Buffalo Braves/San Diego Clippers,Lakers 1973-1984 N/A Swen Nater
0%
Celtics,Cavaliers 2019-2022 N/A Tacko Fall
0%
Jazz 2023-Present N/A Taylor Hendricks
0%
76ers,Timberwolves,Nets,Pacers,Bulls,Spurs,Raptors,Suns 2007-2024 N/A Thaddeus Young
0%
Bucks,Pistons,Cavaliers 2016-2021 N/A Thon Maker
0%
Spurs,Hawks,76ers 2010-2017 NBA Champion Tiago Splitter
0%
76ers,Bucks,Knicks,Bulls,Suns,Clippers,Knicks,Bulls,Mavericks 1997-2010 N/A Tim Thomas
0%
Bucks,Celtics,Heat,Suns,Timberwolves 1992-2007 N/A Todd Day
0%
Knicks,Magic,Lakers,Rocket,New Orleans Hornets,Wizards,Rockets,Suns,Wizards,Kings,Trailblazers,Heat,Lakers 2004-2022 NBA Champion Trevor Ariza
0%
Pelicans 2021-Present N/A Trey Murphy III
0%
Sun,Thunder,Warriors,Cavaliers,Grizzlies 2019-Present N/A Ty Jerome
0%
Spurs,Cavaliers,Suns,Timberwolves,Jazz,Hawks,Kings,Heat,Hawks,Kings,Raptors 1985-2001 N/A Tyrone Corbin
0%
Bulls,Bobcats,Grizzlies 2006-2015 N/A Tyrus Thomas
0%
Spurs,Rockets,76ers,Spurs,Magic,Hornets,Kings,SuperSonics,76ers,Mavericks 1988-2001 2x NBA Champion Vernon Maxwell
0%
Kings,Spurs,Bucks,Warriors,Suns 1988-1990,1992-1998,1999-2001 N/A Vinny Del Negro
0%
Cavaliers,Celtics,SuperSonics,Kings 1996-2007 N/A Vitaly Potapenko
0%
SuperSonics,Clippers,Lakers,Bobcats,Warriors,Hawks,Bulls 2001-2013 N/A Vladimir Radmanovic
0%
Suns,Cavaliers,Grizzlies,Trailblazers,Hawks,Heat,Nuggets 1994-2005 N/A Wesley Person
0%
SuperSonics,Suns,Knicks,Celtics,New Jersey Nets 1985-1998 1x NBA AllStar Xavier McDaniel
0%
Bucks,New Jersey Nets,Wizards,Mavericks 2007-2012 N/A Yi Jianlian
0%
Hawks 2024-Present N/A Zaccharie Risacher
0%
Cavaliers,Heat 1996-2011 2x NBA AllStar Zydrunas Ilgauskas
0%
No matching quizzes found
Score Distribution
Percent of People with Each Score
Percentile by Number Answered
Your Score History
You have not taken this quiz